Día a día con María reina de la paz / (Registro nro. 3377)
[ vista simple ]
| 000 -CABECERA | |
|---|---|
| campo de control de longitud fija | 00666nam a2200193 a 4500 |
| 001 - NÚMERO DE CONTROL | |
| campo de control | 000003552 |
| 005 - FECHA Y HORA DE LA ÚLTIMA TRANSACCIÓN | |
| campo de control | 20200929150500.0 |
| 008 - DATOS DE LONGITUD FIJA--INFORMACIÓN GENERAL | |
| campo de control de longitud fija | 090710s2002 dr a 001 0 spa d |
| 040 ## - FUENTE DE LA CATALOGACIÓN | |
| Centro catalogador/agencia de origen | DO-SdBNP |
| Lengua de catalogación | spa |
| Centro/agencia transcriptor | BNPHU |
| 082 ## - NÚMERO DE LA CLASIFICACIÓN DECIMAL DEWEY | |
| Número de clasificación | xxx |
| Número de documento/Ítem | D536 |
| 245 00 - MENCIÓN DE TÍTULO | |
| Título | Día a día con María reina de la paz / |
| Mención de responsabilidad, etc. | Compiladoras Ana Judith Alma de Franco, Lidia Acosta de Rodríguez. |
| 250 ## - MENCIÓN DE EDICIÓN | |
| Mención de edición | 2da. ed. |
| 260 ## - PUBLICACIÓN, DISTRIBUCIÓN, ETC. | |
| Lugar de publicación, distribución, etc. | Santo Domingo : |
| Nombre del editor, distribuidor, etc. | Amigo del Hogar, |
| Fecha de publicación, distribución, etc. | 2002. |
| 300 ## - DESCRIPCIÓN FÍSICA | |
| Extensión | 154 p. : |
| Otras características físicas | il. ; |
| Dimensiones | 23 cm. |
| 500 ## - NOTA GENERAL | |
| Nota general | Incluye índice |
| 500 ## - NOTA GENERAL | |
| Nota general | Incluye notas al pie de páginas |
| 700 1# - PUNTO DE ACCESO ADICIONAL--NOMBRE DE PERSONA | |
| Nombre de persona | Alma de Franco, Ana Judith, |
| Término indicativo de función/relación | comp. |
| 9 (RLIN) | 10978 |
| 700 1# - PUNTO DE ACCESO ADICIONAL--NOMBRE DE PERSONA | |
| Nombre de persona | Acosta de Rodríguez, Lidia, |
| Término indicativo de función/relación | comp. |
| 9 (RLIN) | 10979 |
| Estado de retiro | Estado de pérdida | No para préstamo | Código de colección | Localización permanente | Ubicación/localización actual | Ubicación en estantería | Fecha de adquisición | Número de inventario | Total de préstamos | Signatura topográfica completa | Código de barras | Fecha visto por última vez | Precio válido a partir de | Tipo de ítem Koha |
|---|---|---|---|---|---|---|---|---|---|---|---|---|---|---|
| Excluido de préstamo | Patrimonio Dominicano | Patrimonio Dominicano | Patrimonio Dominicano | En catalogación | 10.07.2009 | LF1 | xxx D536 | 3552-10 | 25.06.2020 | 25.06.2020 | Libro y Folleto Colección Patrimonio Dominicano |
